J.D. Salinger : (Record no. 144034)

MARC details
000 -LEADER
fixed length control field 00550nam a22001697a 4500
010 ## - LCCN (DPL NO)
LC control number ENG-120299
020 ## - INTERNATIONAL STANDARD BOOK NUMBER
International Standard Book Number 9789381626313
Terms of availability 550.00
035 ## - SYSTEM CONTROL NUMBER
System control number EN-103831
037 ## - SOURCE OF ACQUISITION
Source of stock number/acquisition DBAD/PUB
082 ## - DEWEY DECIMAL CLASSIFICATION NUMBER
Classification number 883.092
100 ## - MAIN ENTRY--PERSONAL NAME
Personal name Slawenski, Kenneth
245 ## - TITLE STATEMENT
Title J.D. Salinger :
Statement of responsibility, etc by Kenneth Slawenski
Remainder of title a life rised high /
260 ## - PUBLICATION, DISTRIBUTION, ETC. (IMPRINT)
Place of publication, distribution, etc Chennai
Name of publisher, distributor, etc Tranquebar Press An imprint of wesland
Date of publication, distribution, etc 2011
270 ## - ADDRESS
Address Venkat Towers, 165, P.H. Road, Maduravoyal,
City Chennai
Postal code 600095
300 ## - PHYSICAL DESCRIPTION
Extent x,423p.
Dimensions 24cm(pbk).
942 ## - ADDED ENTRY ELEMENTS (KOHA)
Source of classification or shelving scheme Dewey Decimal Classification
Item type English Books
Classification part 883.092
Call number suffix SLA
Holdings
Withdrawn status Lost status Not for loan Collection code Home library Current library Date acquired Source of acquisition Cost, normal purchase price Full call number Barcode Copy number Cost, replacement price Koha item type
      Non-fiction Narela Narela 05/09/2017 DBAD/PUB 550.00 883.092 SLA EN-103831 1 550.00 English Books

© Delhi Public Library
Hit Counter
free hit counter